000
00252nam a2200109Ia 4500
008
190216s9999||||xx |||||||||||||| ||und||
100
_a
Gupta S K
245
0
_a
Industrial Economics
260
_b
Vishal Publcations
_c
2001
300
_a
592p
942
_c
BK
999
_c
10601
_d
10601